[Event "1800 - 2299 Rated Tournament 4"]
[Site "SchemingMind.com"]
[Date "2022.09.08"]
[Round "-"]
[White "The Stonewall"]
[Black "Vanycuba"]
[Result "0-1"]
[WhiteCountry "ENG"]
[BlackCountry "CUB"]
[WhiteElo "2317"]
[WhiteRD "68"]
[BlackElo "2336"]
[BlackRD "94"]
[GameID "726586"]

1. Nf3 d5 2. c4 d4 3. b4 c5 4. a3 Nd7 5. e3 e5 6. exd4 exd4 7. Be2 b6 8. O-O Bd6 9. Re1 Ne7 10. d3 O-O
11. Nbd2 Ng6 12. Ne4 Bc7 13. Rb1 h6 14. Bd2 f5 15. Ng3 Bb7 16. Bc1 Bc6 17. b5 Bb7 18. Ra1 a6 19. Qb3 a5 20. Qc2 f4
21. Nf1 Nh4 22. N1d2 Ne5 23. Qd1 Nxg2 24. Kxg2 Qg5+ 25. Kh1 Ng4 26. Kg1 Qh5 27. Bf1 Ne3 28. Qe2 Rae8 29. Bb2 Re6
0-1

[Event "1800 - 2299 Rated Tournament 4"]
[Site "SchemingMind.com"]
[Date "2022.09.08"]
[Round "-"]
[White "Vanycuba"]
[Black "The Stonewall"]
[Result "1-0"]
[WhiteCountry "CUB"]
[BlackCountry "ENG"]
[WhiteElo "2432"]
[WhiteRD "83"]
[BlackElo "2305"]
[BlackRD "68"]
[GameID "726587"]

1. e4 c5 2. Nf3 e6 3. d4 cxd4 4. Nxd4 a6 5. Bd3 Bc5 6. Nb3 Ba7 7. Qe2 Ne7 8. Be3 O-O 9. Bxa7 Rxa7 10. Qe3 Nbc6
11. O-O f5 12. f4 fxe4 13. Bxe4 Qc7 14. Nc3 b5 15. Rad1 d5 16. Bd3 Nb4 17. Ne2 Nxd3 18. cxd3 Nf5 19. Qf2 Qb8 20. Ned4 Nxd4
21. Qxd4 Raf7 22. Qe5 Qa7+ 23. d4 Rf5 24. Qd6 Qf7 25. Rc1 Qf6 26. Rc7 g5 27. Rf2 Rxf4 28. Rxf4 gxf4 29. Qc6 Qd8 30. Nd2 Qe8
31. Qc2 Bd7 32. Nf3 Qd8 33. h4 Qe7 34. b4 Rd8 35. h5 Qd6 36. Ne5 Qxb4 37. Qf2 Qe7 38. Qxf4 Rf8 39. Qg3+
1-0

[Event "1800 - 2299 Rated Tournament 4"]
[Site "SchemingMind.com"]
[Date "2022.10.09"]
[Round "-"]
[White "The Stonewall"]
[Black "Andrea Carra"]
[Result "1-0"]
[WhiteCountry "ENG"]
[BlackCountry "ITA"]
[WhiteElo "2317"]
[WhiteRD "68"]
[BlackElo "1853"]
[BlackRD "103"]
[GameID "727344"]

1. e4 e5 2. Nf3 Nf6 3. d4 Nxe4 4. Bd3 d5 5. Nxe5 Bd6 6. O-O O-O 7. c4 Nf6 8. Nc3 c6 9. Bg5 Be6 10. c5 Be7
11. f4 Ne4 12. Bxe7 Qxe7 13. Bxe4 dxe4 14. f5 Bd5 15. f6 Qe6 16. Ne2 Nd7 17. Nf4 Qe8 18. fxg7 Nxe5 19. gxf8=Q+ Qxf8 20. dxe5
1-0

[Event "1800 - 2299 Rated Tournament 4"]
[Site "SchemingMind.com"]
[Date "2022.10.10"]
[Round "-"]
[White "Andrea Carra"]
[Black "The Stonewall"]
[Result "0-1"]
[WhiteCountry "ITA"]
[BlackCountry "ENG"]
[WhiteElo "1853"]
[WhiteRD "103"]
[BlackElo "2317"]
[BlackRD "68"]
[GameID "727345"]

1. e4 c5 2. Nf3 Nc6 3. d4 cxd4 4. Nxd4 Qb6 5. Nb3 Nf6 6. Nc3 e6 7. Be3 Qc7 8. a3 a6 9. Be2 d6 10. f4 b5
11. O-O Be7 12. Bf3 O-O 13. Ne2 Rd8 14. Ned4 Nxd4 15. Nxd4 e5 16. Ne2 d5 17. Qe1 dxe4
0-1

[Event "1800 - 2299 Rated Tournament 4"]
[Site "SchemingMind.com"]
[Date "2022.10.06"]
[Round "-"]
[White "Andrea Carra"]
[Black "Vanycuba"]
[Result "0-1"]
[WhiteCountry "ITA"]
[BlackCountry "CUB"]
[WhiteElo "1831"]
[WhiteRD "103"]
[BlackElo "2272"]
[BlackRD "102"]
[GameID "727346"]

1. e4 c5 2. Nf3 d6 3. d4 cxd4 4. Nxd4 Nf6 5. Nc3 a6 6. Be2 e5 7. Nb3 Be6 8. O-O Be7 9. Be3 Nbd7 10. f4 exf4
11. Bxf4 Rc8 12. Bxd6 Qb6+
0-1

[Event "1800 - 2299 Rated Tournament 4"]
[Site "SchemingMind.com"]
[Date "2022.10.06"]
[Round "-"]
[White "Vanycuba"]
[Black "Andrea Carra"]
[Result "1-0"]
[WhiteCountry "CUB"]
[BlackCountry "ITA"]
[WhiteElo "2432"]
[WhiteRD "83"]
[BlackElo "1810"]
[BlackRD "99"]
[GameID "727347"]

1. e4 e5 2. Nf3 Nc6 3. Bc4 Bc5 4. c3 Nf6 5. d3 O-O 6. Bg5 h6 7. Bh4 Be7 8. Nbd2 d6 9. a4 Nh7 10. Bg3 Kh8
11. a5 a6 12. Qb3 Ng5 13. O-O b5 14. axb6 cxb6 15. Bd5 Be6 16. Nxg5 Bxg5 17. Bxe6 fxe6 18. Nf3 Bf6 19. Qxe6 g5 20. d4
1-0

[Event "1800 - 2299 Rated Tournament 4"]
[Site "SchemingMind.com"]
[Date "2022.10.24"]
[Round "-"]
[White "The Stonewall"]
[Black "Stephen Dunning"]
[Result "1-0"]
[WhiteCountry "ENG"]
[BlackCountry "WLS"]
[WhiteElo "2305"]
[WhiteRD "68"]
[BlackElo "1907"]
[BlackRD "85"]
[GameID "727652"]

1. Nf3 Nf6 2. c4 c5 3. Nc3 Nc6 4. d4 cxd4 5. Nxd4 e6 6. a3 Bc5 7. Nb3 Bb6 8. c5 Bc7 9. Bg5 h6 10. Bh4 Be5
11. Rc1 b6 12. e3 Rb8 13. Qc2 Ne7 14. Nb5 Nf5 15. Bxf6 Qxf6 16. cxb6 O-O 17. bxa7 Ra8 18. Nc5 d6 19. Ne4 Qe7 20. f4 Bf6
21. Nxf6+ Qxf6 22. Qc6 Qxb2 23. Rc3 Rxa7 24. Nxa7 Bb7 25. Qc4 Qb6 26. Nb5 Nxe3 27. Qc7 Nxg2+ 28. Bxg2 Qxc7 29. Rxc7 Bxg2 30. Rg1 Be4
31. Nxd6
1-0

[Event "1800 - 2299 Rated Tournament 4"]
[Site "SchemingMind.com"]
[Date "2022.10.24"]
[Round "-"]
[White "Stephen Dunning"]
[Black "The Stonewall"]
[Result "0-1"]
[WhiteCountry "WLS"]
[BlackCountry "ENG"]
[WhiteElo "1907"]
[WhiteRD "85"]
[BlackElo "2305"]
[BlackRD "68"]
[GameID "727653"]

1. d4 Nf6 2. c4 d6 3. Nf3 g6 4. Nc3 Bf5 5. d5 Bg7 6. Nd4 Bd7 7. e4 O-O 8. Be2 Na6 9. Be3 Nc5 10. f3 e5
11. dxe6 fxe6 12. O-O e5 13. Nb3 b6 14. Nxc5 bxc5 15. Qd2 a5 16. a4 Nh5 17. f4 exf4 18. Bxf4 Nxf4 19. Rxf4 Rxf4 20. Qxf4 Bd4+
21. Kh1 Be5 22. Qf3 Qf8 23. Qd3 Qh6 24. g3 Rf8 25. b3 Bxc3 26. Qxc3 Rf2 27. h4 Rxe2
0-1

[Event "1800 - 2299 Rated Tournament 4"]
[Site "SchemingMind.com"]
[Date "2022.10.20"]
[Round "-"]
[White "Andrea Carra"]
[Black "Stephen Dunning"]
[Result "1-0"]
[WhiteCountry "ITA"]
[BlackCountry "WLS"]
[WhiteElo "1836"]
[WhiteRD "100"]
[BlackElo "1886"]
[BlackRD "88"]
[GameID "727654"]

1. d4 Nf6 2. Nf3 d5 3. e3 c5 4. c3 e6 5. Bd3 Nbd7 6. Nbd2 Be7 7. O-O O-O 8. Re1 b6 9. e4 dxe4 10. Nxe4 Bb7
11. Bg5 Bxe4 12. Bxe4 Nxe4 13. Bxe7 Nxc3 14. bxc3 Qxe7 15. d5 Rad8 16. Qa4 Nf6 17. c4 Rd6 18. h3 Qb7 19. dxe6 fxe6 20. Re5 Nd7
21. Re3 a6 22. Qc2 b5 23. Ng5 g6 24. Nxe6 Rf6 25. Rae1 Qc6 26. Nd8 Qb6 27. Re8+ Nf8 28. Rd1 Rxd1+ 29. Qxd1 Rd6 30. Qf3 Rf6
31. Qd5+ Kh8 32. Qe5 Kg8 33. Qe7 Qd6 34. Rxf8+
1-0

[Event "1800 - 2299 Rated Tournament 4"]
[Site "SchemingMind.com"]
[Date "2022.10.20"]
[Round "-"]
[White "Stephen Dunning"]
[Black "Andrea Carra"]
[Result "0-1"]
[WhiteCountry "WLS"]
[BlackCountry "ITA"]
[WhiteElo "1837"]
[WhiteRD "80"]
[BlackElo "1883"]
[BlackRD "96"]
[GameID "727655"]

1. d4 Nf6 2. c4 e6 3. Nf3 b6 4. g3 Bb7 5. Bg2 Be7 6. Nc3 O-O 7. Qc2 d5 8. cxd5 Nxd5 9. Nxd5 exd5 10. Bf4 Bd6
11. Bxd6 Qxd6 12. O-O Nd7 13. Rac1 Rac8 14. Qd3 Nf6 15. e3 c5 16. b3 Rc7 17. Rc2 Rfc8 18. Rfc1 g6 19. Bh3 Rd8 20. Bg2 Bc8
21. dxc5 bxc5 22. Qb5 Ne4 23. Nd4 Rb7 24. Qa5 Qf6 25. Bxe4 dxe4 26. Rxc5 Bh3 27. Re5 Rbd7 28. Rxe4 Rxd4 29. Rxd4 Rxd4 30. exd4 Qf3
31. Rc8+ Kg7 32. Qe5+ Kh6 33. Qe3+ Qxe3 34. fxe3 Bxc8 35. Kf2 Bb7 36. g4 g5 37. Kg3 Kg6 38. h4 h6 39. h5+ Kf6 40. Kf2 Ke6
0-1

[Event "1800 - 2299 Rated Tournament 4"]
[Site "SchemingMind.com"]
[Date "2022.10.20"]
[Round "-"]
[White "Stephen Dunning"]
[Black "Vanycuba"]
[Result "0-1"]
[WhiteCountry "WLS"]
[BlackCountry "CUB"]
[WhiteElo "1886"]
[WhiteRD "88"]
[BlackElo "2482"]
[BlackRD "80"]
[GameID "727656"]

1. d4 Nf6 2. c4 e6 3. Nc3 Bb4 4. Qc2 O-O 5. e4 d5 6. e5 Ne4 7. Bd3 c5 8. Ne2 cxd4 9. Nxd4 Nd7 10. Bf4 Qh4
11. g3 Qh5 12. O-O g5 13. Be3 Nxe5 14. Be2 Qg6 15. cxd5 Nxc3 16. Qxg6+ Nxg6 17. bxc3 Bxc3 18. Rac1 Bxd4 19. Bxd4 exd5 20. Rc5 Be6
21. Bf3 b6 22. Rb5 g4 23. Bg2 Rac8 24. Rb2 Rc4 25. Rd2 Rfc8 26. Be3 Rc2 27. Rxc2 Rxc2 28. Rd1 Rxa2 29. Bxd5 Bxd5 30. Rxd5 f6
31. Rd8+ Kf7 32. Ra8 b5 33. Rxa7+ Rxa7 34. Bxa7 b4 35. Bd4 Ne5 36. Kg2 Nd3 37. f3 Ne1+ 38. Kf2 Nxf3
0-1

[Event "1800 - 2299 Rated Tournament 4"]
[Site "SchemingMind.com"]
[Date "2022.10.24"]
[Round "-"]
[White "Vanycuba"]
[Black "Stephen Dunning"]
[Result "1-0"]
[WhiteCountry "CUB"]
[BlackCountry "WLS"]
[WhiteElo "2432"]
[WhiteRD "83"]
[BlackElo "1907"]
[BlackRD "85"]
[GameID "727657"]

1. e4 c5 2. Nf3 d6 3. d4 cxd4 4. Nxd4 Nf6 5. Nc3 a6 6. Bg5 Nbd7 7. Qe2 h6 8. Bh4 g6 9. f4 e5 10. fxe5 dxe5
11. Nb3 Qc7 12. Qf3 Bg7 13. a4 O-O 14. Be2 Ne8 15. Nd5 Qxc2 16. Bd1 Qc4 17. Rc1 Qxa4 18. O-O Nd6 19. Be7
1-0

[Event "1800 - 2299 Rated Tournament 4"]
[Site "SchemingMind.com"]
[Date "2022.10.29"]
[Round "-"]
[White "The Stonewall"]
[Black "lawyertheologian"]
[Result "1-0"]
[WhiteCountry "ENG"]
[BlackCountry "USA"]
[WhiteElo "2317"]
[WhiteRD "68"]
[BlackElo "1993"]
[BlackRD "77"]
[GameID "727771"]

1. d4 f5 2. Nc3 Nf6 3. Bg5 d5 4. e3 Nbd7 5. Nh3 c6 6. Nf4 e5 7. dxe5 Nxe5 8. Nh5 Kf7 9. Nxf6 gxf6 10. Qh5+ Kg8
11. Bh6 Bb4 12. Be2 Nf7 13. Bf4 Qa5 14. O-O Bxc3 15. bxc3 Qxc3 16. Bd3 Kg7 17. Bxf5 Bxf5 18. Qxf5 Rhd8 19. Rab1 b6 20. Rb3 Qc4
21. e4 Qd4 22. Rg3+ Kf8 23. c3 Qxe4 24. Qxf6
1-0

[Event "1800 - 2299 Rated Tournament 4"]
[Site "SchemingMind.com"]
[Date "2022.10.29"]
[Round "-"]
[White "lawyertheologian"]
[Black "The Stonewall"]
[Result "0-1"]
[WhiteCountry "USA"]
[BlackCountry "ENG"]
[WhiteElo "1993"]
[WhiteRD "77"]
[BlackElo "2317"]
[BlackRD "68"]
[GameID "727772"]

1. e4 d6 2. d4 Nf6 3. Nc3 Nbd7 4. Nf3 e5 5. Bc4 Be7 6. O-O Nb6 7. Be2 exd4 8. Nxd4 O-O 9. a4 a5 10. Be3 c6
11. f3 Qc7 12. Qd2 d5 13. Rad1 Bd6 14. g3 Re8 15. Bg5 Be5 16. Rfe1 Bh3 17. Bf1 Bxf1 18. Kxf1 Nc4 19. Qc1 Qb6 20. Nb3 Qb4
21. exd5 Nxb2 22. Bxf6 Qxc3 23. Bxe5 Qxf3+ 24. Kg1 Nxd1 25. Qf4 Qxf4 26. gxf4 Nb2 27. d6 f6 28. d7 Re7 29. Bc3 Rxe1+ 30. Bxe1 Rd8
31. Bxa5 Rxd7 32. Nc5 Rd4
0-1

[Event "1800 - 2299 Rated Tournament 4"]
[Site "SchemingMind.com"]
[Date "2022.10.25"]
[Round "-"]
[White "lawyertheologian"]
[Black "Andrea Carra"]
[Result "1-0"]
[WhiteCountry "USA"]
[BlackCountry "ITA"]
[WhiteElo "2034"]
[WhiteRD "78"]
[BlackElo "1810"]
[BlackRD "99"]
[GameID "727773"]

1. e4 e6 2. d4 d5 3. exd5 exd5 4. c4 Nf6 5. Nf3 Bg4 6. Be2 Be7 7. O-O O-O 8. Nc3 c6 9. Qb3 Qc7 10. cxd5 cxd5
11. Nxd5 Nxd5 12. Qxd5 Nc6 13. Be3 Rad8 14. Qe4 f5 15. Qe6+ Kh8 16. Rac1 Rf6 17. Qc4 Qd6 18. Rfd1 Qb4 19. Qxb4 Nxb4 20. Rc7 Re6
21. h3 Bh5 22. Rxb7 f4 23. Bd2 Rxe2 24. Bxb4 Bxb4 25. Rxb4 Bxf3 26. gxf3 h6 27. a4 Rc8 28. d5 Rcc2 29. Rxf4 Rxf2 30. Rg4 Rxf3
31. d6 Rc8 32. d7 Rd8 33. Re4 Rff8 34. b4 Kh7 35. b5 Rf7 36. Red4 Rf6 37. Rc1 Rf7 38. Rc7 Ra8 39. Rxa7
1-0

[Event "1800 - 2299 Rated Tournament 4"]
[Site "SchemingMind.com"]
[Date "2022.10.26"]
[Round "-"]
[White "Andrea Carra"]
[Black "lawyertheologian"]
[Result "0-1"]
[WhiteCountry "ITA"]
[BlackCountry "USA"]
[WhiteElo "1810"]
[WhiteRD "99"]
[BlackElo "2034"]
[BlackRD "78"]
[GameID "727774"]

1. e4 Nf6 2. Nc3 d5 3. exd5 Nxd5 4. Nxd5 Qxd5 5. d4 Nc6 6. Nf3 Bg4 7. Be2 O-O-O 8. O-O Nxd4 9. Nxd4 Bxe2 10. Qxe2 Qxd4
11. Be3 Qe4 12. Qb5 a6 13. Qc5 e6 14. Qa7 Bd6 15. Rfe1 Qc6 16. c4 Kd7 17. Rad1 Ke7 18. c5 Be5 19. Rxd8 Rxd8 20. f4 Bxb2
21. Rb1 Qe4 22. Re1 Bd4
0-1

[Event "1800 - 2299 Rated Tournament 4"]
[Site "SchemingMind.com"]
[Date "2022.10.25"]
[Round "-"]
[White "lawyertheologian"]
[Black "Stephen Dunning"]
[Result "1-0"]
[WhiteCountry "USA"]
[BlackCountry "WLS"]
[WhiteElo "2034"]
[WhiteRD "78"]
[BlackElo "1907"]
[BlackRD "85"]
[GameID "727775"]

1. e4 c6 2. Nc3 d5 3. Qf3 dxe4 4. Nxe4 Nd7 5. d4 Ngf6 6. Bc4 Nb6 7. Bd3 Qxd4 8. Ne2 Qd7 9. h3 Nxe4 10. Qxe4 Qd5
11. Qh4 Bf5 12. O-O Bxd3 13. Nf4 Qc4 14. cxd3 Qb5 15. Nh5 Qxd3 16. Be3 Nd5 17. Rfd1 Qg6 18. Nf4 Nxf4 19. Qxf4 Qe6 20. Bxa7 Qc8
21. Bb6 e6 22. Rd8+ Qxd8 23. Bxd8 Rxd8 24. Qe5 Rd6 25. b4 b5 26. a4 f6 27. Qe4 bxa4 28. Rxa4 Rd1+ 29. Kh2 Bd6+ 30. g3 Kd7
31. Qg4
1-0

[Event "1800 - 2299 Rated Tournament 4"]
[Site "SchemingMind.com"]
[Date "2022.10.26"]
[Round "-"]
[White "Stephen Dunning"]
[Black "lawyertheologian"]
[Result "0-1"]
[WhiteCountry "WLS"]
[BlackCountry "USA"]
[WhiteElo "1907"]
[WhiteRD "85"]
[BlackElo "2034"]
[BlackRD "78"]
[GameID "727776"]

1. c4 f5 2. Nf3 Nf6 3. g3 g6 4. b4 Bg7 5. Bb2 O-O 6. Bg2 d6 7. d4 e5 8. dxe5 Ng4 9. Qb3 Nxe5 10. Nbd2 c6
11. Nxe5 dxe5 12. c5+ Kh8 13. O-O Qe7 14. e4 Be6 15. Qc2 f4 16. Rad1 Nd7 17. Nc4 f3 18. Bh1 b6 19. cxb6 axb6 20. a3 g5
21. Nd2 g4 22. Qxc6 Rfc8 23. Qb5 Rc2 24. Ba1 Rxa3
0-1

[Event "1800 - 2299 Rated Tournament 4"]
[Site "SchemingMind.com"]
[Date "2022.10.25"]
[Round "-"]
[White "lawyertheologian"]
[Black "Vanycuba"]
[Result "0-1"]
[WhiteCountry "USA"]
[BlackCountry "CUB"]
[WhiteElo "1993"]
[WhiteRD "77"]
[BlackElo "2336"]
[BlackRD "94"]
[GameID "727777"]

1. e4 c6 2. d4 d5 3. f3 e6 4. Nc3 Bb4 5. Qd3 Ne7 6. a3 Ba5 7. Ne2 O-O 8. b4 Bb6 9. g4 Nd7 10. f4 a5
11. Bb2 Nf6 12. Rg1 axb4 13. axb4 Rxa1+ 14. Bxa1 dxe4 15. Nxe4 Nxe4 16. Qxe4 Nd5 17. c3 Qh4+ 18. Rg3 e5 19. dxe5 f5 20. exf6 Nxf6
21. Qg2 Nxg4 22. c4 Rd8 23. c5 Ne3 24. Qe4 Rd1+ 25. Kf2 Ng4+
0-1

[Event "1800 - 2299 Rated Tournament 4"]
[Site "SchemingMind.com"]
[Date "2022.10.29"]
[Round "-"]
[White "Vanycuba"]
[Black "lawyertheologian"]
[Result "1-0"]
[WhiteCountry "CUB"]
[BlackCountry "USA"]
[WhiteElo "2336"]
[WhiteRD "94"]
[BlackElo "1993"]
[BlackRD "77"]
[GameID "727778"]

1. e4 Nf6 2. e5 Nd5 3. d4 d6 4. Nf3 g6 5. Bc4 Nb6 6. Bb3 Bg7 7. Ng5 e6 8. Qf3 Qe7 9. Ne4 dxe5 10. dxe5 h6
11. Nf6+ Kf8 12. Qc3 N8d7 13. Be3 Bxf6 14. exf6 Qxf6 15. Qxc7 Qxb2 16. Qd6+ Kg8 17. O-O Qg7 18. Bd4 e5 19. Bb2 Qf6 20. Rd1 Kg7
21. a4 a5 22. Na3 Re8 23. Nb5 Re7 24. Ba3 Qxd6 25. Rxd6 Re8 26. Nc7 Rg8 27. f4 Rb8 28. fxe5 Na8 29. Rf1 Nxc7 30. Rxf7+ Kh8
31. e6 Nxe6 32. Rxe6
1-0

[Event "1800 - 2299 Rated Tournament 4"]
[Site "SchemingMind.com"]
[Date "2022.10.31"]
[Round "-"]
[White "The Stonewall"]
[Black "Johnny Owens"]
[Result "0-1"]
[WhiteCountry "ENG"]
[BlackCountry "USA"]
[WhiteElo "2267"]
[WhiteRD "74"]
[BlackElo "2401"]
[BlackRD "90"]
[GameID "727886"]

1. c4 e6 2. Nc3 b6 3. e4 Bb7 4. Nf3 Nf6 5. Bd3 c5 6. O-O Nc6 7. e5 Ng4 8. Be4 Qc8 9. Re1 f6 10. d4 cxd4
11. Nxd4 Ngxe5 12. Bxc6 Nxc6 13. Ndb5 a6 14. Nd6+ Bxd6 15. Qxd6 Qb8 16. Ne4 Qxd6 17. Nxd6+ Ke7 18. Bf4 g5 19. Bg3 Nd8 20. Rad1 Bc6
21. b4 Ba4 22. Rd3 Nf7 23. Nf5+ Kf8 24. Ne3 Bc6 25. a4 b5 26. cxb5 axb5 27. a5 h5 28. h4 gxh4 29. Bxh4 Ne5 30. Rd4 Rg8
31. Bg3 Ng4 32. Nf1 Kf7 33. Rc1 Rg7 34. f3 Nh6 35. Rd2 e5 36. Bf2 Rag8 37. Bb6 h4 38. Rc3 Ke6 39. Bc5 Nf5 40. Kh2 Ba8
41. Ne3 d5 42. Nxf5 Kxf5 43. Bb6 Rg3 44. a6 d4 45. Rcc2 h3 46. a7 hxg2 47. Rxg2 Kf4 48. Rxg3 Rxg3 49. Rc8 Bxf3 50. a8=Q Rg2+
51. Kh3 Rg6 52. Kh2 Bxa8 53. Rxa8 d3 54. Ra1 f5 55. Bc5 e4 56. Rf1+ Ke5 57. Be3 Rg4 58. Ba7 f4 59. Kh3 Rg3+
0-1

[Event "1800 - 2299 Rated Tournament 4"]
[Site "SchemingMind.com"]
[Date "2022.10.30"]
[Round "-"]
[White "Johnny Owens"]
[Black "The Stonewall"]
[Result "1-0"]
[WhiteCountry "USA"]
[BlackCountry "ENG"]
[WhiteElo "2370"]
[WhiteRD "89"]
[BlackElo "2306"]
[BlackRD "72"]
[GameID "727887"]

1. Nf3 Nf6 2. b3 g6 3. Bb2 Bg7 4. g3 O-O 5. Bg2 c5 6. c4 d6 7. d4 d5 8. Nbd2 cxd4 9. O-O Nc6 10. Nxd4 Bd7
11. Rc1 Rc8 12. a3 Qb6 13. N4f3 d4 14. b4 Nh5 15. c5 Qa6 16. Qb3 Be6 17. Qd3 Qxd3 18. exd3 Bf5 19. b5 Na5 20. a4 Bxd3
21. Rfe1 a6 22. b6 Rfd8 23. Rxe7 Bf6 24. Ree1 Bf5 25. h3 d3 26. Be5 Bd7 27. Bc7 Re8 28. Ne4 Bc6 29. Nd6 Rxe1+ 30. Rxe1 Rf8
31. Nd2 Bxa4 32. Nxb7 Nxb7 33. Bxb7 Bc3 34. Bd6 Bxd2 35. Ra1 Bb5 36. Bxf8 Kxf8 37. c6
1-0

[Event "1800 - 2299 Rated Tournament 4"]
[Site "SchemingMind.com"]
[Date "2022.10.29"]
[Round "-"]
[White "lawyertheologian"]
[Black "Johnny Owens"]
[Result "0-1"]
[WhiteCountry "USA"]
[BlackCountry "USA"]
[WhiteElo "2023"]
[WhiteRD "80"]
[BlackElo "2266"]
[BlackRD "105"]
[GameID "727888"]

1. e4 e6 2. d4 d5 3. Nd2 dxe4 4. Nxe4 Nd7 5. Nf3 Ngf6 6. Bd3 Nxe4 7. Bxe4 Nf6 8. Bg5 c5 9. O-O cxd4 10. Nxd4 Be7
11. Bf3 O-O 12. Re1 Qb6 13. Nb3 Qc7 14. Qe2 Ng4 15. Bxg4 Bxg5 16. Rad1 Bf6 17. c3 Bd7 18. Nd4 Rfd8 19. Nb5 Qb6 20. Nd6 Ba4
0-1

[Event "1800 - 2299 Rated Tournament 4"]
[Site "SchemingMind.com"]
[Date "2022.10.28"]
[Round "-"]
[White "Johnny Owens"]
[Black "lawyertheologian"]
[Result "1-0"]
[WhiteCountry "USA"]
[BlackCountry "USA"]
[WhiteElo "2266"]
[WhiteRD "105"]
[BlackElo "2023"]
[BlackRD "80"]
[GameID "727889"]

1. Nf3 f5 2. d4 Nf6 3. Bg5 g6 4. e3 Bg7 5. Bd3 O-O 6. O-O d6 7. Nc3 c6 8. Re1 Qb6 9. e4 fxe4 10. Nxe4 Qxb2
11. Nxf6+ exf6 12. Bf4 Rd8 13. Qe2 Bg4 14. Rab1 Qc3 15. Bd2 Qa3 16. h3 Bxf3 17. Qxf3 d5 18. Rxb7 Nd7 19. Qe2 Qf8 20. Qe6+ Qf7
21. Qxf7+ Kxf7 22. Ba5 Rab8 23. Reb1
1-0

[Event "1800 - 2299 Rated Tournament 4"]
[Site "SchemingMind.com"]
[Date "2022.10.31"]
[Round "-"]
[White "Andrea Carra"]
[Black "Johnny Owens"]
[Result "0-1"]
[WhiteCountry "ITA"]
[BlackCountry "USA"]
[WhiteElo "1883"]
[WhiteRD "96"]
[BlackElo "2370"]
[BlackRD "89"]
[GameID "727890"]

1. e4 d5 2. exd5 Qxd5 3. Nc3 Qd6 4. d4 Nf6 5. Nf3 c6 6. h3 g6 7. Bd3 Bg7 8. O-O O-O 9. Re1 Be6 10. Be3 Nd5
11. Nxd5 Bxd5 12. c3 Nd7 13. c4 Bxf3 14. Qxf3 Bxd4 15. Bxd4 Qxd4 16. Re4 Qxb2 17. Rae1 e6 18. R4e2 Qf6 19. Qg3 Nc5 20. Bc2 Rfd8
21. h4 Rd4 22. Re5 b6 23. h5 Rxc4 24. Bb1 Rd8 25. Rg5 Kg7
0-1

[Event "1800 - 2299 Rated Tournament 4"]
[Site "SchemingMind.com"]
[Date "2022.10.30"]
[Round "-"]
[White "Johnny Owens"]
[Black "Andrea Carra"]
[Result "1-0"]
[WhiteCountry "USA"]
[BlackCountry "ITA"]
[WhiteElo "2370"]
[WhiteRD "89"]
[BlackElo "1883"]
[BlackRD "96"]
[GameID "727891"]

1. Nf3 Nc6 2. b3 Nf6 3. Bb2 d5 4. e3 Bg4 5. h3 Bh5 6. Bb5 e6 7. g4 Bg6 8. Ne5 Nd7 9. Nxc6 bxc6 10. Bxc6 Rb8
11. Bd4 Bd6 12. Bxg7 Rg8 13. Bb2 Ke7 14. Nc3 Rb6 15. Bxd7 Qxd7 16. Qe2 c5 17. f4 d4 18. exd4 Bxf4 19. dxc5 Rc6 20. O-O-O Rxc5
21. Ba3 Rc8 22. Rdf1 Bd6 23. Bxc5 Bxc5 24. h4 h6 25. h5 Bh7 26. Qf3 f5 27. Qf4
1-0

[Event "1800 - 2299 Rated Tournament 4"]
[Site "SchemingMind.com"]
[Date "2022.10.29"]
[Round "-"]
[White "Johnny Owens"]
[Black "Stephen Dunning"]
[Result "1-0"]
[WhiteCountry "USA"]
[BlackCountry "WLS"]
[WhiteElo "2370"]
[WhiteRD "89"]
[BlackElo "1837"]
[BlackRD "80"]
[GameID "727892"]

1. Nf3 d5 2. b3 Bg4 3. Bb2 Nd7 4. h3 Bxf3 5. exf3 Ngf6 6. f4 g6 7. g3 Bg7 8. Bg2 O-O 9. O-O e6 10. d3 Ne8
11. Bxg7 Nxg7 12. Nd2 c5 13. Rc1 Nb6 14. c4 Rc8 15. Re1 Nf5 16. Nf3 Qc7 17. Qe2 Rfe8 18. a3 d4 19. Qd1 Nd7 20. Ne5 Nxe5
21. Rxe5 b6 22. b4 a6 23. h4 f6 24. Re2 e5 25. Qa4 a5 26. bxa5 bxa5 27. Rb1 exf4 28. Rxe8+ Rxe8 29. Qxe8+
1-0

[Event "1800 - 2299 Rated Tournament 4"]
[Site "SchemingMind.com"]
[Date "2022.10.29"]
[Round "-"]
[White "Stephen Dunning"]
[Black "Johnny Owens"]
[Result "0-1"]
[WhiteCountry "WLS"]
[BlackCountry "USA"]
[WhiteElo "1837"]
[WhiteRD "80"]
[BlackElo "2370"]
[BlackRD "89"]
[GameID "727893"]

1. d4 Nf6 2. Bf4 d5 3. e3 c5 4. Nd2 cxd4 5. exd4 Bf5 6. c3 Nc6 7. Ngf3 e6 8. Qb3 Qd7 9. Ne5 Qc8 10. Bb5 a6
11. Bxc6+ bxc6 12. Qa4 Bd6 13. Ndf3 Qc7 14. Bg3 O-O 15. Qxc6 Qb8 16. Nd7 Qxb2 17. O-O Bxg3 18. Nxf8 Rxf8 19. hxg3 Bd3 20. Rfd1 Ne4
21. Rf1 Bxf1 22. Rxf1 Qxa2 23. Re1 Qxf2+ 24. Kh2 Qxg3+ 25. Kg1 Nd2 26. Re3 Rb8
0-1

[Event "1800 - 2299 Rated Tournament 4"]
[Site "SchemingMind.com"]
[Date "2022.10.29"]
[Round "-"]
[White "Johnny Owens"]
[Black "Vanycuba"]
[Result "1/2-1/2"]
[WhiteCountry "USA"]
[BlackCountry "CUB"]
[WhiteElo "2370"]
[WhiteRD "89"]
[BlackElo "2487"]
[BlackRD "81"]
[GameID "727894"]

1. Nf3 d5 2. b3 Nf6 3. Bb2 Bf5 4. e3 e6 5. Be2 h6 6. O-O Nbd7 7. c4 c6 8. d4 Bd6 9. c5 Bc7 10. Nbd2 g5
11. b4 g4 12. Ne5 a6 13. f4 h5 14. a4 O-O 15. b5 axb5 16. axb5 Bxe5 17. Rxa8 Qxa8 18. dxe5 Ne4 19. Nxe4 Bxe4 20. Bxg4 Qa2
21. Bf3 Qxb2 22. Bxe4 dxe4 23. Qxd7 Qc3 24. Qd4 Qxd4 25. exd4 e3 26. bxc6 bxc6 27. Re1 Rd8 28. Rxe3 Rxd4 29. g3 Rc4 30. Kg2 Rxc5=
1/2-1/2

[Event "1800 - 2299 Rated Tournament 4"]
[Site "SchemingMind.com"]
[Date "2022.10.31"]
[Round "-"]
[White "Vanycuba"]
[Black "Johnny Owens"]
[Result "1/2-1/2"]
[WhiteCountry "CUB"]
[BlackCountry "USA"]
[WhiteElo "2487"]
[WhiteRD "81"]
[BlackElo "2370"]
[BlackRD "89"]
[GameID "727895"]

1. e4 e6 2. d4 d5 3. Nc3 Nf6 4. e5 Nfd7 5. f4 c5 6. Nf3 Nc6 7. Be3 Qb6 8. Na4 Qa5+ 9. c3 b6 10. Bd2 c4
11. b4 Nxb4 12. cxb4 Bxb4 13. Qc2 Bxd2+ 14. Nxd2 b5 15. Nc3 b4 16. Nd1 Qb6 17. Nf3 O-O 18. Be2 Nb8 19. h4 Nc6 20. Qd2 f6
21. exf6 gxf6 22. O-O a5 23. h5 Kh8 24. Rf2 Ra7 25. Rb1 Rg7 26. Ne3 a4 27. f5 b3 28. Qc3 Rb7 29. axb3=
1/2-1/2